| 000 | 00698nam a22002177a 4500 | ||
|---|---|---|---|
| 005 | 20150124124805.0 | ||
| 008 | 130805t spu||||| |||| 00| 0 spa d | ||
| 020 | _a848317109o | ||
| 050 |
_aB92 _bS78 1998 |
||
| 100 | 1 | _aVelarde Lombraña, Julian | |
| 245 | 1 | 0 | _aStudia Philosophica |
| 250 | _a1a ed. | ||
| 260 |
_a España _bUniversidad de Oviedo _c1998 |
||
| 300 |
_a432 p ; _c23 cm. |
||
| 504 | _aIncluye bibliografías e índice | ||
| 505 | _av:1 Lógica y Filosfía matemática. -- v:2 Lógica y teoría de autómatas | ||
| 650 | 4 |
_afilosofia _xEspaña - filosofia |
|
| 700 | 1 | _aLópez Cerzo, José Antonio cout. | |
| 700 | 1 | _ade la Pienda, Jesús Avelino coaut. | |
| 942 |
_2ddc _cLIB |
||
| 999 |
_c39487 _d39487 |
||